|
|
|
|
| LEADER |
01163cam a2200289 i 4500 |
| 001 |
2771447 |
| 003 |
GR-PaULI |
| 005 |
20241108063406.0 |
| 008 |
800415s1980 gw b 001 0 eng |
| 952 |
|
|
|0 0
|1 0
|2 ddc
|4 0
|6 Π_Σ_515_420000000000000_CON
|7 0
|8 NFIC
|9 230502
|a LISP
|b LISP
|c REF
|d 2019-03-01
|i 139632
|l 0
|o Π/Σ 515.42 CON
|p 025000044027
|r 2019-03-01 00:00:00
|t 1
|v 2019.00
|w 2019-03-01
|y BK15
|
| 999 |
|
|
|c 140029
|d 140029
|
| 010 |
|
|
|a 80015027
|
| 020 |
|
|
|a 0387099891
|
| 020 |
|
|
|a 3540099891
|
| 040 |
|
|
|a DLC
|c GR-PaULI
|d
|b gre
|e AACR2
|
| 082 |
0 |
4 |
|a 515.42
|2 23
|
| 100 |
1 |
|
|a Constantinescu, Corneliu
|9 43235
|e συγγραφέας.
|
| 245 |
1 |
0 |
|a Duality in measure theory /
|c Corneliu Constantinescu.
|
| 260 |
|
|
|a Berlin ;
|a New York :
|b Springer-Verlag,
|c 1980.
|
| 300 |
|
|
|a iv, 197 σ. ;
|c 25 εκ.
|
| 490 |
1 |
|
|a Lecture notes in mathematics
|v 796.
|
| 500 |
|
|
|a
|
| 504 |
|
|
|a Περιλαμβάνει βιβλιογραφικές παραπομπές και ευρετήριο.
|
| 650 |
|
4 |
|a Θεωρία μέτρου
|9 2760
|
| 830 |
|
0 |
|a Lecture notes in mathematics (Springer-Verlag)
|v 796.
|9 161263
|
| 942 |
|
|
|2 ddc
|c BKN
|
| 998 |
|
|
|c ΜΠΟΥΡΑΣ
|d 2019-03
|